00377nam a2200157Ia 4500001000500000005001700005008004100022041000800063082001900071100002500090245007200115260000900187300000700196650000800203654000800211108420260306140605.0260306t2009||||xx |||||||||||||| ||spa|| aESP a180bR31H T. 5 aReale, GiovannieAUT 0aHistoria de la filosofía :bdel romanticismo al empiriocriticismo c2009 ac aGEN aCHU